| 000 | 00694nam a2200241 4500 | ||
|---|---|---|---|
| 003 | OSt | ||
| 005 | 20260530113849.0 | ||
| 008 | 260421b1982 mx |||| |||| 00| 0 spa d | ||
| 020 | _a9685973954 | ||
| 040 |
_aICI _bspa _cICI |
||
| 050 |
_aP90 _bP758 |
||
| 100 | 1 |
_aPrieto Castillo, Daniel, _931061 |
|
| 245 | 1 | 0 |
_aDiseno y comunicacion / _cDaniel Prieto Castillo |
| 264 | 1 |
_bUAM, Unidad Azcapotzalco, _c1982 _aMéxico : |
|
| 300 | _a149 páginas | ||
| 336 |
_atexto _2rdacontent |
||
| 337 |
_asin medio _2rdamedia |
||
| 338 |
_avolumen _2rdacarrier |
||
| 650 | 4 |
_aComunicación _9299 |
|
| 650 | 4 |
_aArtes gráficas _919721 |
|
| 650 | 4 |
_aMedios de comunicación masiva _931062 |
|
| 942 |
_2lcc _cBK |
||
| 999 |
_c11390 _d11390 |
||